Emerging issues in dairy production and management in Himachal Pradesh / (Record no. 27321)
[ view plain ]
| 000 -LEADER | |
|---|---|
| fixed length control field | 00583nam a2200169Ia 4500 |
| 041 ## - LANGUAGE CODE | |
| Language code of text/sound track or separate title | English |
| 082 ## - DEWEY DECIMAL CLASSIFICATION NUMBER | |
| Classification number | RL.0051 |
| 100 ## - MAIN ENTRY--AUTHOR NAME | |
| Personal name | Lal, Harbans |
| Affiliation | CSK Himachal Pradesh krishi vishvavidyalaya Palampur |
| Place | Palampur, Himachal Pradesh |
| 245 #0 - TITLE STATEMENT | |
| Title | Emerging issues in dairy production and management in Himachal Pradesh / |
| Statement of responsibility, etc | Harbans Lal |
| 260 ## - PUBLICATION, DISTRIBUTION, ETC. (IMPRINT) | |
| Place of publication | New Delhi : |
| Name of publisher/Sponsor | Indian Council oF Social Science Research, |
| Year of publication | 2016 |
| 300 ## - PHYSICAL DESCRIPTION | |
| Number of Pages | 126 p. |
| 536 ## - FUNDING INFORMATION NOTE | |
| Funding Agency | Indian Council of Social Science Research |
| 546 ## - LANGUAGE NOTE | |
| Language note | English |
| 650 ## - SUBJECT ADDED ENTRY--TOPICAL TERM | |
| Topical Term | Agriculture |
| 650 ## - SUBJECT ADDED ENTRY--TOPICAL TERM | |
| Topical Term | Dairy products |
| 942 ## - ADDED ENTRY ELEMENTS (KOHA) | |
| Koha item type | Research Reports |
| Source of classification or shelving scheme | Dewey Decimal Classification |
| Withdrawn status | Lost status | Damaged status | Not for loan | Collection code | Home library | Current library | Date acquired | Source of acquisition | Full call number | Accession Number | Koha item type |
|---|---|---|---|---|---|---|---|---|---|---|---|
| Not For Loan | Major Research Project Reports | NASSDOC Library | NASSDOC Library | 04/01/2022 | Gifted by: RP Division ICSSR | RL.0051 | 51976 | Research Reports |
